Measurements for engineering and other surveys
Gorde:
| Egile nagusia: | |
|---|---|
| Formatua: | Liburua |
| Hizkuntza: | ingelesa |
| Argitaratua: |
Englewood Cliffs
Prentice-Hall
1961
|
| Saila: | Prentice-Hall Civil Engineering and Engineering Mechanics Series
|
| Gaiak: | |
| Etiketak: |
Etiketa erantsi
Etiketarik gabe, Izan zaitez lehena erregistro honi etiketa jartzen!
|
MARC
| LEADER | 00000nam a2200000 a 4500 | ||
|---|---|---|---|
| 001 | UCP2801 | ||
| 003 | CL-VaPUC | ||
| 008 | 990531e19610000us |||||||||||||||||eng|d | ||
| 082 | 0 | 4 | |a 620.0044 |b SMI |2 21 |
| 100 | 0 | |a Smirnoff, Michael V |e author |9 429773 | |
| 245 | 1 | 0 | |a Measurements for engineering and other surveys |
| 300 | |a 556 p | ||
| 942 | |c BK | ||
| 945 | |d 19990531 00:00:00 |a cmena | ||
| 260 | |a Englewood Cliffs |b Prentice-Hall |c 1961 | ||
| 650 | 0 | |a Ingeniería |9 259380 | |
| 650 | 7 | |a INSTRUMENTOS DE MEDIDA |2 CL-VaPUC |9 262517 | |
| 650 | 7 | |a TECNOLOGIA DE LA INSTRUMENTACION |2 CL-VaPUC |9 358374 | |
| 650 | 0 | |a Instrumentos científicos |9 359809 | |
| 583 | |a last modification |c 20150429 04:21:49 |k Rodrigo Vera | ||
| 490 | 0 | |a Prentice-Hall Civil Engineering and Engineering Mechanics Series | |
| 999 | |c 281271 |d 281269 | ||
| 952 | |0 0 |1 0 |4 0 |6 620_004400000000000_SMI_1961 |7 0 |8 P |9 321963 |a BIBMEC |b BIBMEC |d 2019-11-20 |i 138015K |o 620.0044 SMI 1961 |p 138015K |r 2019-11-20 |w 2019-11-20 |y BK |k MEC | ||